000 00819nam a2200217 i 4500
001 180061
003 ES-MaACL
005 20251005063135.0
008 120409s2011 sp |||| | spa d
080 _a821.134.2-32"19"
100 1 _aRoas, David,
_d1965-
_9149744
245 1 3 _aEl camino hacia la distorsión
_b; seguido de Das Kapital y Locus amoenus : relatos pertenecientes a "Distorsiones" /
_cDavid Roas.
260 _aMolina de Segura (Murcia) :
_bAyuntamiento de Molina de Segura, Concejalía de Cultura y Festejos,
_c[2011]
300 _a[8] p. ;
_c21 cm.
586 _aVIII Premio Setenil, 2011
710 1 _aMolina de Segura.
_bConcejalía de Cultura y Festejos.
_9149745
740 0 _aDas Kapital.
740 0 _aLocus amoenus.
852 _aES-MaACL
_j2309-F-20
999 _c180061
_d180061